Central Library OPAC University of Rajshahi

Early Bengali prose : Carey to Vidyāsāgar / (Record no. 64325)

MARC details
000 -LEADER
fixed length control field 00676nam a2200229 a 4500
001 - CONTROL NUMBER
control field 64325
003 - CONTROL NUMBER IDENTIFIER
rucl marc code BD-RjUL
005 - DATE AND TIME OF LATEST TRANSACTION
control field 20211209081307.0
008 - FIXED-LENGTH DATA ELEMENTS--GENERAL INFORMATION
fixed length control field 170213s1966 ii a 001 0 eng
035 ## - SYSTEM CONTROL NUMBER
System control number (BD-RjUL)64455
040 ## - CATALOGING SOURCE
Original cataloging agency DLC
Transcribing agency CarP
Modifying agency BD-RjUL
Language of cataloging eng
041 ## - LANGUAGE CODE
Language code of text/sound track or separate title eng
082 ## - DEWEY DECIMAL CLASSIFICATION NUMBER
Edition number 23
Classification number 891.44808
Author mark and year DAE 1966
100 1# - MAIN ENTRY--PERSONAL NAME
Personal name Das, Sisir Kumar,
Dates associated with a name 1936-2003.
9 (RLIN) 190977
245 10 - TITLE STATEMENT
Title Early Bengali prose : Carey to Vidyāsāgar /
Statement of responsibility, etc. Sisir Kumar Das
260 ## - PUBLICATION, DISTRIBUTION, ETC. (IMPRINT)
Place of publication, distribution, etc. Calcutta :
Name of publisher, distributor, etc. Bookalnd,
Date of publication, distribution, etc. 1966.
300 ## - PHYSICAL DESCRIPTION
Pagination 256 p. :
Size 22 cm.
500 ## - GENERAL NOTE
General note Includes index
650 #0 - SUBJECT ADDED ENTRY--TOPICAL TERM
Topical term or geographic name as entry element Bengali prose literature
General subdivision History and criticism.
9 (RLIN) 190978
942 ## - ADDED ENTRY ELEMENTS (KOHA)
Source of classification or shelving scheme Dewey Decimal Classification
Koha item type Books
Holdings
Lost status Source of classification or shelving scheme Damaged status Not for loan Collection code Permanent Location Current Location Shelving location Date acquired Source of acquisition Cost, normal purchase price Total Checkouts Full call number Date last seen Copy number Koha item type
  Dewey Decimal Classification   Not For Loan Non-fiction Central Library, University of Rajshahi Central Library, University of Rajshahi Reading Room 08/11/1974 Zonathon Waren , London 25.00   891.44808 DAE 1966 13/02/2017 C-1 Books
  Dewey Decimal Classification     Non-fiction Central Library, University of Rajshahi Central Library, University of Rajshahi General Stacks 26/01/2026       891.44808 DAE 1966 26/01/2026 C-3 Books
  Dewey Decimal Classification     Non-fiction Central Library, University of Rajshahi Central Library, University of Rajshahi General Stacks 26/01/2026       891.44808 DAE 1966 26/01/2026 C-2 Books
  Dewey Decimal Classification     Non-fiction Central Library, University of Rajshahi Central Library, University of Rajshahi General Stacks 28/01/2026       891.44808 DAE 1966 28/01/2026 C-4 Books
  Dewey Decimal Classification     Non-fiction Central Library, University of Rajshahi Central Library, University of Rajshahi General Stacks 28/01/2026       891.44808 DAE 1966 28/01/2026 C-5 Books